000 00365 a2200169 4500
001 72861
020 _a8516039633
040 _cAnchieta - Colégio São Paulo
100 _aAlencar, José de
240 1 0 _aCinco Minutos
_lpor
245 1 0 _aCinco Minutos
300 _a53
362 0 _a2005
440 1 _aModerna
650 4 _aFicção brasileira
942 _cBK
999 _c72861
_d72861